000 00548nam a2200193Ia 4500
005 20250923144849.0
008 008 250917s9999 xx 000 0 eng d
037 _aTextual
040 _aDSWL
_beng
_cDSWL
041 _aeng
_2eng
084 _aY172:1.2:Q2z7, K1
_qDSWL
245 0 _aAspects of religion in Indian society
_cEd. by L.P. Vidyarthi
260 _aMeerut
_bKedar Nath Ram Nath
_c1961
300 _ax,410p.
365 _aINR
_b18
925 _g18
942 _cTEXL
_hY172:1.2:Q2z7, K1
999 _c1444311
_d1444311